000 00319nam a2200133Ia 4500
008 240624s9999 xx 000 0 und d
041 _aeng
082 _a823 GRI
100 _aGRISHAM JOHN
245 _aACCUSED THEODORE BOONE
260 _c2012
_aNew Delhi
_bHodder
300 _a271 : p. : cm. ; 18
365 _cRS
_b25
999 _c19837
_d19837